各省面积最小的地级行政区 The smallest prefecture-level regions of each province - Statistics

General Stats
  • This quiz has been taken 143 times
  • The average score is 21 of 27
Answer Stats
省级 地级 面积/km² % Correct
浙江 舟山市 1459
94%
福建 厦门市 1701
93%
海南 三沙市 27
90%
湖北 鄂州市 1596
90%
甘肃 嘉峪关市 1224
89%
广东 珠海市 1736
88%
内蒙古 乌海市 1754
88%
江苏 镇江市 3840
88%
陕西 铜川市 3881
88%
江西 新余市 3160
87%
河南 鹤壁市 2182
80%
宁夏 石嘴山市 5310
79%
青海 西宁市 7660
79%
广西 北海市 3989
77%
河北 廊坊市 6429
77%
西藏 拉萨市 29600
77%
安徽 淮北市 2741
75%
山西 阳泉市 4559
74%
辽宁 盘锦市 4103
70%
贵州 贵阳市 8034
67%
山东 枣庄市 4564
66%
黑龙江 七台河市 6221
66%
吉林 辽源市 5140
63%
新疆 克拉玛依市 8654
63%
湖南 湘潭市 5006
62%
四川 自贡市 4381
60%
云南 德宏州 11526
48%
No matching quizzes found
Score Distribution
Percent of People with Each Score
Percentile by Number Answered
Your Score History
You have not taken this quiz